Statistics for English football grounds that end in "Park"

Click here to take the quiz!

General Stats

  • This quiz has been taken 21 times
    (6 since last reset)
  • The average score is 11 of 16

Answer Stats

LeagueAnswer% Correct
PCrystal Palace
100%
PEverton
100%
PAston Villa
83%
2Exeter
83%
PNewcastle
83%
1Portsmouth
83%
2Port Vale
83%
1Wycombe
83%
CBlackburn
67%
CDerby
67%
2Oldham
67%
1Plymouth
67%
2Scunthorpe
67%
2Tranmere
50%
2Hartlepool
33%
2Carlisle
17%

Score Distribution

Percentile by Number Answered

Percent of People with Each Score

Your Score History

You have not taken this quiz since the last reset